Statistics for Vice Presidents by President's Picture

Click here to take the quiz!

General Stats

  • This quiz has been taken 696 times
    (636 since last reset)
  • The average score is 27 of 51

Answer Stats

Answer% Correct
John Adams
92%
Thomas Jefferson
88%
Joseph R. Biden
85%
Kamala Harris
85%
Lyndon B. Johnson
85%
Gerald R. Ford
83%
Mike Pence
83%
George H. W. Bush
81%
Albert Gore
79%
Harry S. Truman
77%
Richard Cheney
76%
Andrew Johnson
71%
Spiro T. Agnew
70%
Aaron Burr
69%
Dan Quayle
69%
Richard M. Nixon
66%
Theodore Roosevelt
66%
Walter F. Mondale
64%
Calvin Coolidge
61%
John Tyler
58%
Nelson Rockefeller
56%
Hubert H. Humphrey
55%
Martin Van Buren
55%
Chester A. Arthur
50%
George Clinton
48%
Hannibal Hamlin
46%
Millard Fillmore
45%
Henry A. Wallace
39%
John C. Calhoun
39%
Elbridge Gerry
38%
George Clinton
38%
John N. Garner
38%
John C. Breckinridge
37%
Alben W. Barkley
36%
John C. Calhoun
36%
Daniel D. Tompkins
35%
Schuyler Colfax
35%
George M. Dallas
34%
Adlai E. Stevenson
33%
Charles Curtis
33%
William R. King
33%
Charles G. Dawes
32%
Charles W. Fairbanks
32%
Thomas R. Marshall
32%
Garret A. Hobart
31%
Henry Wilson
31%
James S. Sherman
31%
Richard M. Johnson
31%
Thomas A. Hendricks
31%
Levi P. Morton
30%
William A. Wheeler
30%

Score Distribution

Percentile by Number Answered

Percent of People with Each Score

Your Score History

You have not taken this quiz since the last reset